Online
Catalog

Historia de Cristo / (Record no. 22901)

MARC details
000 -CABECERA
campo de control de longitud fija 00811nam a2200241 a 4500
001 - NÚMERO DE CONTROL
campo de control 000023404
005 - FECHA Y HORA DE LA ÚLTIMA TRANSACCIÓN
campo de control 20200930022208.0
008 - DATOS DE LONGITUD FIJA--INFORMACIÓN GENERAL
campo de control de longitud fija 101206s1969 sp r 000 f spa d
040 ## - FUENTE DE LA CATALOGACIÓN
Centro catalogador/agencia de origen DO-SdBNP
Lengua de catalogación spa
Centro/agencia transcriptor BNPHU
041 17 - CÓDIGO DE LENGUA
Código de lengua del texto/banda sonora o título independiente spa
Código de lengua original ita
Fuente del código Código de idiomas MARC
082 ## - NÚMERO DE LA CLASIFICACIÓN DECIMAL DEWEY
Número de clasificación 232.9
Número de documento/Ítem P217h, 1969
049 ## - FONDOS LOCALES (OCLC)
Fondos de biblioteca BNGR
100 1# - ENTRADA PRINCIPAL--NOMBRE DE PERSONA
Nombre de persona Papini, Giovanni,
Fechas asociadas al nombre 1881-1956
9 (RLIN) 47820
240 10 - TÍTULO UNIFORME
Título uniforme Storia di Cristo.
Lenguaje de la obra Español.
245 10 - MENCIÓN DE TÍTULO
Título Historia de Cristo /
Mención de responsabilidad, etc. Giovanni Papini ; traducción de C. Rivas Cherif.
250 ## - MENCIÓN DE EDICIÓN
Mención de edición 17a ed.
260 ## - PUBLICACIÓN, DISTRIBUCIÓN, ETC.
Lugar de publicación, distribución, etc. Madrid :
Nombre del editor, distribuidor, etc. Fax,
Fecha de publicación, distribución, etc. 1969.
300 ## - DESCRIPCIÓN FÍSICA
Extensión 497 p. ;
Dimensiones 18 cm.
534 ## - NOTA SOBRE LA VERSIÓN ORIGINAL
Frase introductoria Título original en italiano:
Mención de título del original Storia di Cristo.
Publicación, distribución, etc. del original Vallecchi : Firenze
650 #4 - PUNTO DE ACCESO ADICIONAL DE MATERIA--TÉRMINO DE MATERIA
Término de materia o nombre geográfico como elemento de entrada Jesucristo -- enseñanzas.
9 (RLIN) 48219
650 #4 - PUNTO DE ACCESO ADICIONAL DE MATERIA--TÉRMINO DE MATERIA
Término de materia o nombre geográfico como elemento de entrada Jesucristo
Subdivisión general Biografías
9 (RLIN) 48220
700 1# - PUNTO DE ACCESO ADICIONAL--NOMBRE DE PERSONA
Nombre de persona Rivas Cherif, C.,
Término indicativo de función/relación tr.
9 (RLIN) 48221
Holdings
Estado de retiro Estado de pérdida Restricciones de uso No para préstamo Código de colección Localización permanente Ubicación/localización actual Ubicación en estantería Fecha de adquisición Número de inventario Total de préstamos Signatura topográfica completa Código de barras Fecha visto por última vez Precio válido a partir de Tipo de ítem Koha
    Préstamo interno   Monografías: Libros y Folletos General General En catalogación 06.12.2010 LF1   232.9 P217h, 1969 23404-10 25.06.2020 25.06.2020 Préstamo interno

Powered by Koha